Memoria del Taller de Metodología para el trabajo con cmcampesinos /

Salvato in:
Dettagli Bibliografici
Ente Autore: Taller de Metodología para el Trabajo con Campesinos ( ITESO)
Natura: Atti del Convegno Libro
Lingua:spagnolo
Soggetti:
Tags: Aggiungi Tag
Nessun Tag, puoi essere il primo ad aggiungerne!!

MARC

LEADER 00000nam^a2200000^a^4500
001 000107649
005 20250521000000.0
009 20260310093617.462
037 |a Acervo ITESO - Biblioteca 
041 |a ESP 
082 |a 378. 103  |b TAL 
111 |a Taller de Metodología para el Trabajo con Campesinos (  |d 1974 :  |c ITESO) 
245 1 0 |a Memoria del Taller de Metodología para el trabajo con cmcampesinos /  |c Introd. de Carlos Alba Vega. 
264 |a Guadalajara, México :  |b ITESO, Centro de Coordinación y Promoción Agropecuaria,  |c 1974 
300 |a 106 p. 
336 |a texto  |b txt  |2 rdacontenido 
337 |a sin mediación  |b n  |2 rdamedio 
338 |a volumen  |b nc  |2 rdasoporte 
649 |a XX 
650 |a Educación y Sociedad 
650 |a Extensión Universitaria 
650 |a Universidades -  |z Guadalajara, Jalisco 
650 |a Universidades -  |z Jalisco 
650 |a Universidades -  |z México 
650 |a Educación Superior 
650 |a Sociología de la Educación 
650 |a Campesinos Mexicanos 
650 |a Zonas Rurales -  |z México 
650 |a Sociología Rural 
910 |a Fondo General 
920 |a Impresos - Libros 
930 |a Colección General 
905 |a 101 
901 |a 0500043818  |b IT1  |c ACC  |u 20250521 
902 |a https://opac.biblio.iteso.mx/vufind/Record/000107649